Normal view MARC view

Entry Uniform Title

Number of records used in: 3

001 - CONTROL NUMBER

  • control field: 123913

003 - CONTROL NUMBER IDENTIFIER

  • control field: NUST

005 - DATE AND TIME OF LATEST TRANSACTION

  • control field: 20240628162658.0

008 - FIXED-LENGTH DATA ELEMENTS

  • fixed length control field: 240628|| aca||aabn | a|a d

040 ## - CATALOGING SOURCE

  • Original cataloging agency: NUST
  • Transcribing agency: NUST

130 ## - HEADING--UNIFORM TITLE

  • General subdivision: PhD- Healthcare Biotechnology

670 ## - SOURCE DATA FOUND

  • Source citation: Work cat.: (NUST)330436: Asima Zia 3252, Screening of Candidate Type 2 Diabetes Genes in Pakistani Population/, 2015
© 2023 Central Library, National University of Sciences and Technology. All Rights Reserved.